| 000 | 00891cam a22002894a 4500 | ||
|---|---|---|---|
| 001 | 14122784 | ||
| 003 | SISC | ||
| 005 | 20160714103840.0 | ||
| 008 | 050928s2000 nyua 000 0 eng | ||
| 010 | _a 2005281593 | ||
| 020 | _a9781612680064 | ||
| 040 |
_aDLC _cDLC _dDLC |
||
| 042 | _apcc | ||
| 050 | 0 | 0 |
_aHG 179 _b.K563 2012 |
| 082 | 0 | 0 | _a332.024/01 |
| 100 | 1 |
_aKiyosaki, Robert T., _d1947- |
|
| 245 | 1 | 0 |
_aRich dad's cashflow quadrant : _brich dad's guide to financial freedom / _cby Robert T. Kiyosaki. |
| 246 | 3 | 0 | _aCashflow quadrant |
| 260 |
_aAZ, USA : _bPlata Publishing, _c2012. |
||
| 300 |
_a374 p. : _bill. ; _c18 cm. |
||
| 650 | 0 | _aFinance, Personal. | |
| 650 | 0 | _aInvestments. | |
| 650 | 0 | _aRich people. | |
| 906 |
_a7 _bcbc _corigcop _d2 _encip _f20 _gy-gencatlg |
||
| 942 |
_2lcc _cBK |
||
| 999 |
_c297713 _d297713 |
||